[Event "20th Asia-ch (w)"]
[Site "Tashkent UZB"]
[Date "2016.06.03"]
[Round "9.10"]
[White "Citra, Dewi Ardhiani Anastasia"]
[Black "Padmini, Rout"]
[Result "0-1"]
[WhiteElo "2127"]
[BlackElo "2433"]
[EventDate "2016.05.26"]
[PlyCount "88"]

1.e4 c5 2.Nf3 e6 3.b3 b6 4.Bb2 Bb7 5.e5 Nc6 6.Na3 Nge7 7.Nc4 Nf5 8.Bd3 b5 
9.Bxf5 exf5 10.Nd6+ Bxd6 11.exd6 O-O 12.O-O Re8 13.Re1 Re6 14.Rxe6 dxe6 
15.d4 Qxd6 16.dxc5 Qxc5 17.Qd7 Qe7 18.Qxe7 Nxe7 19.Nd4 a6 20.f4 Rc8 21.g3 
h6 22.Rc1 Bd5 23.Kf2 f6 24.Ba3 Kf7 25.Bd6 g5 26.Ra1 Nc6 27.Ne2 e5 28.Rc1 
Ke6 29.Bc5 Nd8 30.Be3 Nb7 31.Bd2 Nd6 32.Ke3 Ne4 33.Bb4 h5 34.Be1 h4 35.Kd3
hxg3 36.hxg3 gxf4 37.gxf4 Rh8 38.c3 Rh3+ 39.Kc2 Rh2 40.Kd1 Nc5 41.Rc2 Bf3 
42.c4 bxc4 43.bxc4 Nd3 44.c5 Rxe2 0-1

[Event "20th Asia-ch (w)"]
[Site "Tashkent UZB"]
[Date "2016.06.03"]
[Round "9.11"]
[White "Pratyusha, Bodda"]
[Black "Yuan Ye"]
[Result "1-0"]
[WhiteElo "2336"]
[BlackElo "2171"]
[EventDate "2016.05.26"]
[PlyCount "55"]

1.d4 Nf6 2.c4 g6 3.Nc3 d5 4.cxd5 Nxd5 5.e4 Nxc3 6.bxc3 Bg7 7.Nf3 c5 8.Be3 
Bg4 9.Be2 Qa5 10.O-O O-O 11.Rb1 Qxa2 12.Rxb7 Rd8 13.h3 Bxf3 14.Bxf3 cxd4 
15.cxd4 Nc6 16.d5 e6 17.Bg5 f6 18.Qc1 Ne5 19.Bh6 Bxh6 20.Qxh6 Rd7 21.Rxd7 
Nxd7 22.Bg4 Nf8 23.d6 Rd8 24.Rc1 Qb2 25.Rc7 Qa1+ 26.Kh2 f5 27.exf5 exf5 
28.Be2 1-0

[Event "20th Asia-ch (w)"]
[Site "Tashkent UZB"]
[Date "2016.06.03"]
[Round "9.12"]
[White "Gomes, Mary Ann"]
[Black "Antonova, Nadezhda"]
[Result "1-0"]
[WhiteElo "2304"]
[BlackElo "1989"]
[EventDate "2016.05.26"]
[PlyCount "53"]

1.c4 e5 2.Nc3 d6 3.g3 f5 4.d4 e4 5.Bg2 Nf6 6.f3 exf3 7.Nxf3 Be7 8.O-O O-O 
9.Qd3 Ne8 10.Nd5 Nd7 11.e4 Nb6 12.Nxe7+ Qxe7 13.e5 dxe5 14.Bg5 Nf6 15.dxe5
Qc5+ 16.Be3 Qxc4 17.Qxc4+ Nxc4 18.Bc5 Nd7 19.Bxf8 Nxf8 20.Rfc1 Ne3 21.Rxc7
Nxg2 22.Kxg2 Ne6 23.Rc4 b5 24.Rc6 Ng5 25.Rxc8+ Rxc8 26.Nxg5 Rc2+ 27.Kg1 
1-0